00589cam a22002291 4500001001300000003000400013005001700017008004100034010001700075035001900092040001900111042001200130043001200142050002100154110002800175245004100203260002200244300002600266500001700292650003300309999001700342sa 66004593 DLC20260227112243.0810619s1960 pk c 000 0 eng  asa 66004593  a(OCoLC)7514800 aDLCcTxDadDLC apremarc aa-pk---00aHG3290.5.A7bA532 aState Bank of Pakistan.10aTwelve years of banking in Pakistan. a[Karachi,c1960?] a62 p.bports.c25 cm. aCover title. 0aBanks and bankingzPakistan. c69502d69502